000 00260nam a2200109Ia 4500
005 20251222154332.0
008 251222s9999||||xx |||||||||||||| ||spa||
082 _a610/M27
100 _a"Mascaro Porcar, José M."
245 0 _aEl médico aconseja
942 _cLIB
999 _c34202
_d34202